Advances in fingerprint technology / (Record no. 5915)
[ view plain ]
| 000 -LEADER | |
|---|---|
| fixed length control field | 00969nac a22002651u 4500 |
| 010 ## - LIBRARY OF CONGRESS CONTROL NUMBER | |
| LC control number | 2001025816 |
| 020 ## - INTERNATIONAL STANDARD BOOK NUMBER | |
| International Standard Book Number | 0849309239 (alk. paper) |
| 082 00 - DEWEY DECIMAL CLASSIFICATION NUMBER | |
| Classification number | 363.258 |
| Item number | GAE |
| 090 ## - LOCALLY ASSIGNED LC-TYPE CALL NUMBER (OCLC); LOCAL CALL NUMBER (OCLC) | |
| -- | 5915 |
| -- | 5915 |
| 100 ## - MAIN ENTRY--PERSONAL NAME | |
| Personal name | Gaensslen, Henry C. Le. |
| 245 00 - TITLE STATEMENT | |
| Title | Advances in fingerprint technology / |
| Statement of responsibility, etc | edited by Henry C. Lee, R.E. Gaensslen. |
| 250 ## - EDITION STATEMENT | |
| Edition statement | 2nd ed. |
| 260 ## - PUBLICATION, DISTRIBUTION, ETC. (IMPRINT) | |
| Place of publication, distribution, etc | Boca Raton, Fla. : |
| Name of publisher, distributor, etc | CRC Press,c2001. |
| Date of publication, distribution, etc | c2001. |
| 300 ## - PHYSICAL DESCRIPTION | |
| Extent | xii, 444 p. : |
| Other physical details | ill. |
| Dimensions | 24 cm. |
| 440 #0 - | |
| -- | CRC series in forensic and police science |
| 500 ## - GENERAL NOTE | |
| General note | Distributer : Al-Ahram. |
| 504 ## - BIBLIOGRAPHY, ETC. NOTE | |
| Bibliography, etc | Includes bibliographical references and index. |
| 511 ## - PARTICIPANT OR PERFORMER NOTE | |
| Participant or performer note | Catalogued by : Al-Ahram. |
| 650 #0 - SUBJECT ADDED ENTRY--TOPICAL TERM | |
| Topical term or geographic name as entry element | Fingerprints. |
| 650 #0 - SUBJECT ADDED ENTRY--TOPICAL TERM | |
| Topical term or geographic name as entry element | Fingerprints |
| General subdivision | Data processing. |
| 700 1# - ADDED ENTRY--PERSONAL NAME | |
| Personal name | Lee, Henry C. |
| 700 1# - ADDED ENTRY--PERSONAL NAME | |
| Personal name | Gaensslen, R. E. |
| Fuller form of name | (Robert E.) |
| 856 42 - ELECTRONIC LOCATION AND ACCESS | |
| Materials specified | Publisher description |
| Uniform Resource Identifier | <a href="http://www.loc.gov/catdir/enhancements/fy0646/2001025816-d.html">http://www.loc.gov/catdir/enhancements/fy0646/2001025816-d.html</a> |
| 942 ## - ADDED ENTRY ELEMENTS (KOHA) | |
| Item type | Book - Borrowing |
| Call number prefix | 363.258GAE |
| Withdrawn status | Item status | Source of classification or shelving scheme | Damaged status | Not for loan | Home library | Current library | Shelving location | Date acquired | Source of acquisition | Total Checkouts | Full call number | Barcode | Date last seen | Koha item type |
|---|---|---|---|---|---|---|---|---|---|---|---|---|---|---|
| Dewey Decimal Classification | Central Library | Central Library | First floor | 08/11/2007 | Purchase | 363.258 GAE | 000006999 | 15/07/2025 | Book - Borrowing |